00391nam a2200145Ia 4500008004100000020001800041041000800059082001700067100004700084245003400131250000600165260002900171300001300200650003200213210716s2012 xx 000 0 und d a9781420060942 aeng a621.395 YANS aYanushkevich, Svetlana N; Shmerko, Vlad P. aIntroduction to logic design. a1 aChennaibCRC Pressc2012 axxii,692 aLogic Design, VLSI(621.395)